Movement of seasoned timber in service

Bibliographic Details
Main Author: CHOO
Corporate Author: Institut Penyelidikan Perhutanan Malaysia (FRIM)
Other Authors: Gan
Format: Book
Published: Kuala Lumpur : Institut Penyelidikan Perhutanan Malaysia , 1998
Series:FRIM technical information handbook; n. 18
Subjects:

MARC

LEADER 00000cam a2200000 7i4500
001 0000000933
005 20001114.0
020 0 0 |a 9839592815 
090 0 0 |a 634.98   |b CHO 1998 
100 1 0 |a CHOO   |h K.T. (Keng Ten) 
245 1 0 |a Movement of seasoned timber in service   |c K. T. Choo, K. S. Gan & S. C. Gan 
260 0 0 |a Kuala Lumpur :   |b Institut Penyelidikan Perhutanan Malaysia ,   |c 1998 
300 |a 14 p. :   |b ill. ;   |c 23 cm. 
440 0 0 |a FRIM technical information handbook; n. 18 
650 0 0 |a Logging   |x Environmental aspects 
650 0 0 |a Timber   |z Malaysia 
700 0 1 |a Gan   |h K. S. (Kee Seng) 
700 0 1 |a Gan   |h S. C. (Seng Choon) 
710 1 1 |a Institut Penyelidikan Perhutanan Malaysia (FRIM) 
999 |a 0000001378   |b Monograph   |c Open Shelf   |e Default branch